01027nam a2200229 a 4500001001000000003000500010005001700015008004100032010001100073011001100084040000900095100004300104245019300147260004000340500006000380502013100440650002500571650004600596650004600642650003900688856007000727000113145CHAP20230607094734.0170502s2016 mx sm |||||||spa d a109606 a110578 cCHAP1 aGonzález Quiñones, Ricardo Roberto10aEstimación de la captura de carbono en poblaciones de lechuguilla (Agave lechuguilla Torr., 1859) mediante modelos alométricosh[En línea]cpor Ricardo Roberto González Quiñones. aDurango, Méx. :bEl autor,c2016. aPara ver el contenido del material haga clic en la liga aTesis (M.C. en Recursos Naturales y Medio Ambiente en Zonas Áridas) -- UACH. Unidad Regional Universitaria de Zonas Áridas14aBiomasaxMedición.17aDióxido de carbonoxEfecto en plantas214aLechuguillaxFisiología y morfología.14aLechuguillaxSecuestro de carbono. aFinding aiduhttp://10.13.5.2/tesis/sist113145.pdfzTeclea aquí